000 01052nam a2200229Ia 4500
003 Ost
005 20260507075756.0
008 260507s9999||||xx |||||||||||||| ||und||
020 _a9879969537390
040 _cfsecg
041 _aara
082 _a332.1
100 _aقوال، زواوية إيمان
_eمؤلف
245 0 _aالاندماج المصرفي :
_bالدوافع والانعكاسات /
_c زواوية إيمان قوال
260 _aالجزائر :
_bدار إيلياء للنشر والتوزيع,
_c2024
300 _a149 صفحة؛
_bإيضاحات ؛
_c24 سم
504 _aمراجع ص.145-147
520 _aالاندماج المصرفي و مسؤولية اتخاذ القرار ، علاقة الاندماج المصرفي بالقدرة التنافسية ، معيار كفاية راس المال و خصخصة البنوك ،انعكاسات الاندماج المصرفي على اداء المنظومة البنكية .
653 _aالبنوك
653 _aالصيارفة
942 _cكتاب
999 _c46246
_d46246